Capitales de Europa - ¡Muerte súbita! - Estadísticas

Estadísticas generales
  • Esta prueba ha sido intentada 29.999 veces
  • La puntuación promedio es 13 de 24
Answers on the Grid
Answers color-coded by a green-red scale on the quiz's grid according to % correct below.
Amberes
Atenas
Basilea
Belgrado
Berna
Brno
Budapest
Chisináu
Colonia
Constanza
Copenhague
Cracovia
Dublín
Estambul
Estocolmo
Glasgow
Gotemburgo
Hamburgo
Helsinki
Heraclión
La Valeta
Liubliana
Londres
Luxemburgo
Marsella
Milán
Minsk
Múnich
Oporto
Podgorica
Reikiavik
Róterdam
San Petersburgo
Sarajevo
Sofía
Split
Tallin
Tirana
Vaduz
Venecia
Viena
Vilna
Volgogrado
Zagreb
Zúrich
 
Estadísticas de respuestas
Respuesta % Correcto
Atenas
93%
Budapest
82%
Copenhague
76%
Dublín
72%
Belgrado
68%
Berna
66%
Estocolmo
57%
Chisináu
55%
Londres
55%
Helsinki
53%
Viena
51%
La Valeta
49%
Luxemburgo
49%
Sofía
49%
Reikiavik
48%
Liubliana
46%
Minsk
46%
Tallin
46%
Zagreb
46%
Sarajevo
44%
Tirana
44%
Vilna
41%
Podgorica
39%
Vaduz
37%
No se encontraron pruebas coincidentes
Distribución de puntuación
Porcentaje de gente con cada puntuación
Porcentaje por número respondido
Historial de tus puntuaciones
No has intentado esta prueba.